Italian Pre-Unitarian States - Statistics

General Stats
  • This quiz has been taken 231 times
  • The average score is 6 of 7
Answer Stats
Hint Answer % Correct
Savoy Kingdom of Sardinia
93%
Bourbon-Two Sicilies Kingdom of Two Sicilies
92%
Habsburg-Lorraine (Austrian Empire) Kingdom of Lombardy-Venetia
89%
None (elected office) Papal States
80%
Habsburg-Lorraine Grand-Duchy of Tuscany
75%
Bourbon-Parma Duchy of Parma
73%
Austria-Este Duchy of Modena
55%
No matching quizzes found
Score Distribution
Percent of People with Each Score
Percentile by Number Answered
Your Score History
You have not taken this quiz